01246 a2200229 4500003000500000005001700005010001700022020001500039040000900054082001600063100002300079245006200102250001200164260006400176300003400240505051900274650004000793700001500833942002500848999001900873952012400892Nust20230531135702.0 a 94032576  a0805316779 cNust00a005.262,KEL1 aKelley, Al.99763012aA book on C : bprogramming in C / cAl Kelley, Ira Pohl. a3rd ed. aRedwood City, Calif. :bBenjamin Cummings Pub. Co.,cc1995. axix, 636 p. :bill. ;c24 cm. aStarting from Zero (Page-1), An Overview of C (Page-4), Lexical Elements Operators and the C System (Page-65), The Fundamental Data Types (Page-99), Flow of Control (Page-134), Functions (Page-177), Array Pointers and Strings (Page-220), Bitwise Operators and Enumeration Types (Page-293), The Preprocessor (Page-323), Structures and Unions (Page-363), Structures and List Processing (Page-401), Input/Output and the Operating System (Page-447), Advanced Applications (Page-504), Moving from C to C++ (Page-541). 0aC (Computer program language)912261 aPohl, Ira. 2ddccBKk005.262,KEL c194859d194859 00102ddc4070aMCSbMCScGENd2016-12-12o005.262,KELpMCS2771r2016-12-08w2016-12-12yBKzAlmirah No.80, Shelf No.4